• 首页
  • 本馆介绍
  • 公告通知
  • 最新文献
  • 馆藏检索
  • 电子资源
  • 读者导购
  • 参考咨询
  • 我的图书馆
  • 登录
  • 详细信息显示
  • 放入我的书架
  • 预约/预借图书
  • 作者相关作品
  • 分类相关作品
  • 丛书相关作品
  • 出版社相关作品

书目信息

  • 表格格式
  • 工作单格式
  • 卡片格式
题名:
足球运动员身体素质训练
    
 
作者: 皮尔逊 著 ;王跃新 , 吕志刚 译
分册:  
出版信息: 北京   人民体育出版社  2004
页数: 205页
开本: 21cm
丛书名:
单 册:
中图分类: G843.2
科图分类:
主题词: 足球运动--运动员--身体素质--运动训练法
电子资源:
ISBN: 7-5009-2606-5
000 00855nam0 2200241 45
001 002736148
005 20050104090541.5
010    @a7-5009-2606-5@dCNY14.00
100    @a20041014d2004 em y0chiy0110 ea
101 1  @achi@ceng
102    @aCN@b110000
105    @aa z 000yy
200 1  @a足球运动员身体素质训练@Azu qiu yun dong yuan shen ti su zhi xun lian@f(英)艾伦·皮尔逊著@F(Ying)Ai Lun·Pi Er Xun Zhu@g王跃新,吕志刚译
210    @a北京@c人民体育出版社@d2004
215    @a205页@c图@d21cm
330    @a该书阐明了SAQ计划如何和为什么发挥作用,并提供了示例来说明如何在训练场上将理论结合到实际中去。
606 0  @a足球运动@x运动员@x身体素质@x运动训练法
690    @aG843.2@v4
701  0 @a皮尔逊@4著
702  0 @a王跃新@AWang Yue Xin@4译
702  0 @a吕志刚@ALu Zhi Gang@4译
801  0 @aCN@bNLC@c20041109
905    @b341757-761@dG843.2@e170@f5
    
    足球运动员身体素质训练/(英)艾伦·皮尔逊著/王跃新,吕志刚译.-北京:人民体育出版社,2004
    205页:图;21cm
    
    
    ISBN 7-5009-2606-5:CNY14.00
    该书阐明了SAQ计划如何和为什么发挥作用,并提供了示例来说明如何在训练场上将理论结合到实际中去。
●
相关链接 在E读中查询图书 在五车中查询图书 在当当中查询图书 在豆瓣中查询图书


正题名:足球运动员身体素质训练     索取号:G843.2/170         预约/预借

序号 登录号 条形码 馆藏地/架位号 状态 备注
1 0341757   203417579   第一样本阅览室/ [索取号:G843.2/170] 在馆    
2 0341758   203417588   密集书库/ [索取号:G843.2/170] 在馆    
3 0341759   203417597   第四借阅区/ [索取号:G843.2/170] 在馆    
4 0341760   203417604   第四借阅区/ [索取号:G843.2/170] 在馆    
5 0341761   203417613   密集书库/ [索取号:G843.2/170] 在馆    
唐山师范学院图书馆 欢迎您!
大连网信软件有限公司© 版权所有